The small computer connection: telecommunications for the home and office
Salvato in:
| Autore principale: | |
|---|---|
| Natura: | Libro |
| Lingua: | inglese |
| Pubblicazione: |
Nueva York
Micro Text - McGraw-Hill
1983
|
| Soggetti: | |
| Tags: |
Aggiungi Tag
Nessun Tag, puoi essere il primo ad aggiungerne!!
|
MARC
| LEADER | 00000nam a2200000 a 4500 | ||
|---|---|---|---|
| 001 | UCQ1765 | ||
| 003 | CL-VaPUC | ||
| 008 | 980721e19830000US |||||||||||||||||eng|d | ||
| 082 | 0 | 4 | |a 004.68 |b SHA |2 21 |
| 100 | 0 | |a Shapiro, Neil L |e author |9 415550 | |
| 245 | 1 | 4 | |a The small computer connection: telecommunications for the home and office |
| 300 | |a 190 p | ||
| 942 | |c BK | ||
| 945 | |d 19980721 00:00:00 |a cmena | ||
| 260 | |a Nueva York |b Micro Text - McGraw-Hill |c 1983 | ||
| 650 | 0 | |a Computadores |9 258188 | |
| 650 | 0 | |a Telecomunicaciones |9 257195 | |
| 650 | 7 | |a HARDWARE |2 CL-VaPUC |9 345461 | |
| 650 | 0 | |a Bases de datos |9 260577 | |
| 650 | 0 | |a Redes de información |9 230208 | |
| 583 | |a last modification |c 19980721 00:00:00 |k Rodrigo Vera | ||
| 999 | |c 272609 |d 272607 | ||
| 952 | |0 0 |1 0 |4 0 |6 004_680000000000000_SHA_1983 |7 0 |8 A |9 307720 |a BIBGIM |b BIBGIM |d 2019-11-20 |i 143781K |o 004.68 SHA 1983 |p 143781K |r 2025-01-15 |w 2019-11-20 |y BK |k COM | ||